|
|
|
|
| LEADER |
00803nab a2200205 i 4500 |
| 001 |
acta7749 |
| 005 |
20251126134432.0 |
| 008 |
161015s2011 hu o 000 eng d |
| 022 |
|
|
|a 0238-8308
|
| 040 |
|
|
|a SZTE Egyetemi Kiadványok Repozitórium
|b hun
|
| 041 |
|
|
|a eng
|
| 100 |
1 |
|
|a Speidl Bianka
|
| 245 |
1 |
0 |
|a Distance in vicinity
|h [elektronikus dokumentum] :
|b Beirut's Zuqaq el-Blat, a place of transformation, conflict and co-existence /
|c Speidl Bianka
|
| 260 |
|
|
|a Université de Szeged
|b Szeged
|c 2011
|
| 300 |
|
|
|a 29-49
|
| 490 |
0 |
|
|a Mediterrán tanulmányok
|v 20
|
| 650 |
|
4 |
|a Bölcsészettudományok
|
| 650 |
|
4 |
|a Történettudomány és régészet
|
| 695 |
|
|
|a Európán kívüli világ - politikatörténet
|
| 856 |
4 |
0 |
|u http://acta.bibl.u-szeged.hu/7749/1/mediterran_020_029-049.pdf
|z Dokumentum-elérés
|